000 01302nam1a22003371 4500
001 rc\14552
005 20050427114910.8
010 _a5-03-002363-1
035 _a(NLR Aleph) 008763982
090 _a7882590
_c7882590
100 _a20021204g19919999u |0rusy50 ca
101 0 _arus
102 _aRU
105 _ay |||||||||
200 1 _aАнтитела. Методы
_f[Кэтти Д., Райкундалия Ч., Браун Дж. и др.]
_gПод ред. Д. Кэтти
_gПер. с англ. В.Г. Абламуница и др.
_gПод ред. О.В. Рохлина
210 _aМ.
_cМир
_d1991-
215 _d22
300 _aАвт. указаны на обороте тит. л.
300 _aПеревод. изд.: Antibodies. A practical approach (Oxford; Washington)
606 1 _aАнтитела
_2rkp
606 1 _aИммунология
_xМетоды и техника
_2rkp
606 1 _aАнтитела
_2nlr_sh1
606 1 _aИммунология
_xМетоды и техника
_2nlr_sh1
701 1 _aКэтти
_bД.
_gДэвид
702 1 _aРохлин
_bО. В.
_gОскар Вульфович
_4340
801 0 _aRU
_bNLR
_gpsbo
801 1 _aRU
_bELAR
_2rusmarc
801 2 _aRU
_bNLR
_c20050427
_2rusmarc
852 _aNLR
_j91-5/4680
942 _cBOOK
980 _aNB